| 000 | 01150nam a22002655i 4500 | ||
|---|---|---|---|
| 001 | 165084 | ||
| 003 | ES-MaACL | ||
| 005 | 20230906213050.0 | ||
| 008 | 010530s1874 gw |||| | lat d | ||
| 040 |
_aCAM _bspa _cCAM |
||
| 245 | 0 | 0 |
_aScriptores artis metricae _b: Marius Victorinus, Maximus Victorinus, Caesius Bassus, Atilius Fortunatianus / _cex recensione Henrici Keilii. |
| 260 |
_aLipsiae : _bin aedibus B.G. Teubneri, _c1874. |
||
| 300 |
_a312 p. ; _c25 cm. |
||
| 490 | 1 |
_aGrammatici latini / ex recensione Henrici Keilii ; _v6 |
|
| 650 | 0 | 4 |
_aLengua latina- _xMétrica. _9188550 |
| 650 | 0 | 4 |
_aGramáticos latinos. _9136195 |
| 700 | 1 | 1 |
_aKeilii, Henrici, _eed. lit. _9128440 |
| 700 | 1 | 1 |
_aTeubner, B.G., _eed. _9133197 |
| 700 | 0 |
_aAtilio Fortunaciano. _9125737 |
|
| 700 | 0 |
_aCesio Basso. _9126431 |
|
| 752 |
_aAlemania - _dLeipzig |
||
| 830 | 0 |
_aGrammatici latini / ex recensione Henrici Keilii ; _v6 _9188551 |
|
| 852 |
_aES-MaACL _jB-13336 _z-- Enc. hol. conservando la cub. original _q-- Falto de la port. del fasc. 1 del t.VI _x-- Edic.: 312 p.; XXVII p., p.[313]-671 -- Cada parte con port. propa |
||
| 999 |
_c165084 _d165084 |
||